000 01155nam a2200253 a 4500
008
020 _a9781853396403 (pbk.)
049 _aMAIN
090 _aHC79.P6
_bLOC.
100 1 _aLockwood, Matthew.
245 1 4 _aThe state they're in :
_ban agenda for international action on poverty in Africa /
_cMatthew Lockwood.
260 _aWarwickshire, U.K. :
_bIntermediate Technology Publications,
_c2006.
300 _ax, 194 p. ;
_c22 cm.
490 1 _aViewpoints.
500 _aIncludes index.
504 _aIncludes bibliographical references.
505 0 _aIntroduction -- Africa in 2005: the long view -- The truth about trade -- Aid, debt relief and conditionality -- The limits of 'governance' -- Politics in Africa -- The state they're in -- Are developmental states now emerging in Africa? -- What will a developmental state in Africa look like? -- Towards developmental states in Africa-what agenda for international action?
650 0 _aPoverty
_zAfrica.
907 _a.b10351553
_b28-11-14
_c27-11-14
003
005 20230123122125.0
040 _cNUST
942 _cBOOKS
_kHC79.P6
_mLOC.
999 _c128194
_d128194